IRINJALAKUDAKKU CHUTTUM (Record no. 6962)
[ view plain ]
| 000 -LEADER | |
|---|---|
| fixed length control field | 00344nam a22001457a 4500 |
| 020 ## - INTERNATIONAL STANDARD BOOK NUMBER | |
| ISBN | 978-93-5549-740-6 |
| 082 ## - DEWEY DECIMAL CLASSIFICATION NUMBER | |
| Classification number | 894.812 |
| Item number | INN/I |
| 100 ## - MAIN ENTRY--AUTHOR NAME | |
| Personal name | INNOCENT |
| 245 ## - TITLE STATEMENT | |
| Title | IRINJALAKUDAKKU CHUTTUM |
| 250 ## - EDITION STATEMENT | |
| Edition statement | FOURTH EDITION |
| 260 ## - PUBLICATION, DISTRIBUTION, ETC. (IMPRINT) | |
| Place of publication | KOZHIKODE |
| Name of publisher | MATHRUBHUMI BOOKS |
| Year of publication | 2023 |
| 300 ## - PHYSICAL DESCRIPTION | |
| Number of Pages | 136 |
| 650 ## - SUBJECT ADDED ENTRY--TOPICAL TERM | |
| Topical Term | MALAYALAM STORY |
| Geographic subdivision | KERALA |
| 942 ## - ADDED ENTRY ELEMENTS (KOHA) | |
| Koha item type | Books |
| Withdrawn status | Lost status | Collection code | Home library | Current library | Shelving location | Date acquired | Source of acquisition | Cost, normal purchase price | Full call number | Accession Number | Koha item type |
|---|---|---|---|---|---|---|---|---|---|---|---|
| Non-fiction | Main Library | Main Library | NEW SHELF WITH NEW ENTRY | 26/10/2023 | purchase | 190.00 | 894.812 INN/I | 13187 | Books |